00448nam a22001697a 450000500170000001000140001702000260003103500130005703700130007008200080008310000200009124500450011126000380015627000470019430000220024165000150026320100812124053.0 aENG-99984 a9789380024721c130.00 aEN-83516 bDBAD/PUB a658 aManoj Kumar, K. aManagement practice /cby K. Manoj Kumar aErodebPallavi Publicationsc2009 a194, Kanna Complex, Mettur RoadbErodee11 a156p.c21cm (pbk) aManagement